000 00306nam a22001217a 4500
008 190311b xxu||||| |||| 00| 0 eng d
041 _aeng
080 _a043.3
100 _a0
101 _aSHKI-BA
245 _aMenaxhimi i riskut të IT-së dhe SI-së në sistemin bankar
_cPerçuku,D
942 _2udc
_cBK
999 _c54690
_d54690